Canada Quiz Stats

 Plays Quiz not verified by Sporcle

Support Sporcle.
Go Orange.
Score 0/26 Timer 06:00
0 Plays Today
Hint Answer % Correct
Flag ColorRed
96.6%
Flag ColorWhite
96.6%
Official NameCanada
89.7%
CapitalOttawa
86.2%
Largest CityToronto
82.8%
Official LanguagesEnglish, French
82.8%
AnthemO Canada
75.9%
Royal AnthemGod Save The Queen
58.6%
Main ReligionChristianity
55.2%
BordersUSA
55.2%
DemonymCanadian
51.7%
Tallest Building In CanadaCN Tower
51.7%
ContinentNorth America
51.7%
Hint Answer % Correct
MonarchElizabeth 2
27.6%
Prime MinisterStephen Harper
27.6%
Falls That Canada & USA ShareNiagra Falls
20.7%
MottoFrom Sea To Sea
13.8%
Independence FromUnited Kingdom
10%
Govenor GeneralDavid Johnston
6.9%
Cheif JusticeBeverly Mclachlin
6.9%
Area3,851,809 sq miles
3.4%
GovernmentFederal Parilamentary Democracy Under Monarch
3.4%
LegislatureParilament
3.4%
MilitaryRoyal Army, Navy, Air Force, Canada Command
3.4%
RegionNorth America
0%
Independence DayApril 17, 1982
0%

You're not logged in!

Compare scores with friends on all Sporcle quizzes.
OR
Log In

From the Vault

Boy Meets World Characters

by Dougie_fresh4539

We haven't seen Girl Meets World yet, are we missing out?
Remove Ads.
Support Sporcle.
Get the best of Sporcle when you Go Orange. This ad-free experience offers more features, more stats, and more fun while also helping to support Sporcle. Thank you for becoming a member.

Show Comments

Extras

Created Oct 14, 2013ReportNominate
Tags:Canada Quiz

Top Quizzes Today


Score Distribution

Your Account Isn't Verified!

In order to create a playlist on Sporcle, you need to verify the email address you used during registration. Go to your Sporcle Settings to finish the process.

Report this User

Report this user for behavior that violates our Community Guidelines.

Details: